<?xml version="1.0" encoding="UTF-8"?>
<record
    xmlns:xsi="http://www.w3.org/2001/XMLSchema-instance"
    xsi:schemaLocation="http://www.loc.gov/MARC21/slim http://www.loc.gov/standards/marcxml/schema/MARC21slim.xsd"
    xmlns="http://www.loc.gov/MARC21/slim">

  <leader>01017nam a22002297a 4500</leader>
  <controlfield tag="008">151125b        xxu||||| |||| 00| 0 eng d</controlfield>
  <datafield tag="020" ind1=" " ind2=" ">
    <subfield code="a">9789968589079</subfield>
  </datafield>
  <datafield tag="082" ind1=" " ind2=" ">
    <subfield code="a">709.728.6</subfield>
    <subfield code="b">S127p2</subfield>
  </datafield>
  <datafield tag="100" ind1=" " ind2=" ">
    <subfield code="a">Gabriela Saenz-Shelby; et all </subfield>
    <subfield code="9">4208</subfield>
  </datafield>
  <datafield tag="110" ind1=" " ind2=" ">
    <subfield code="a">Museo de arte Costarricense </subfield>
    <subfield code="9">4209</subfield>
  </datafield>
  <datafield tag="245" ind1=" " ind2=" ">
    <subfield code="a">Las Posibilidades de la mirada</subfield>
    <subfield code="b">Representaciones en la pl&#xE1;stica Costarricense </subfield>
    <subfield code="c">Gabriela Saenz-Shelby; et all </subfield>
  </datafield>
  <datafield tag="260" ind1=" " ind2=" ">
    <subfield code="a">San Jos&#xE9;, Costa Rica</subfield>
    <subfield code="b">Museo de arte Costarricense </subfield>
    <subfield code="c">2 ed : 2013</subfield>
  </datafield>
  <datafield tag="300" ind1=" " ind2=" ">
    <subfield code="a">180 p.</subfield>
    <subfield code="b">ill (col.)</subfield>
    <subfield code="c">28 cm </subfield>
  </datafield>
  <datafield tag="505" ind1=" " ind2=" ">
    <subfield code="t">Presentaci&#xF3;n</subfield>
    <subfield code="t">Pr&#xF3;logo de la Exposici&#xF3;n</subfield>
    <subfield code="t">Ser Costarricense </subfield>
    <subfield code="t">Realidad y Ficci&#xF3;n</subfield>
    <subfield code="t">Ep&#xED;logo</subfield>
    <subfield code="t">Bibliograf&#xED;a citada</subfield>
    <subfield code="t">Textos en Ingl&#xE9;s </subfield>
  </datafield>
  <datafield tag="650" ind1=" " ind2=" ">
    <subfield code="a">Arte Costarricense </subfield>
    <subfield code="v">Exhibiciones</subfield>
    <subfield code="9">4210</subfield>
  </datafield>
  <datafield tag="650" ind1=" " ind2=" ">
    <subfield code="a">Museo de Arte Costarricense </subfield>
    <subfield code="9">4340</subfield>
  </datafield>
  <datafield tag="700" ind1=" " ind2=" ">
    <subfield code="a">Gabriela Saenz-Shelby</subfield>
    <subfield code="9">4211</subfield>
  </datafield>
  <datafield tag="700" ind1=" " ind2=" ">
    <subfield code="a">Monge Picado, Mar&#xED;a Jos&#xE9;</subfield>
    <subfield code="9">4341</subfield>
  </datafield>
  <datafield tag="700" ind1=" " ind2=" ">
    <subfield code="a">Calvo Campos, Esteban</subfield>
    <subfield code="9">4342</subfield>
  </datafield>
  <datafield tag="700" ind1=" " ind2=" ">
    <subfield code="a">Collado Ch&#xE1;vez, Adriana</subfield>
    <subfield code="9">4343</subfield>
  </datafield>
  <datafield tag="710" ind1=" " ind2=" ">
    <subfield code="a">Museo de Arte Costarricense </subfield>
    <subfield code="9">4212</subfield>
  </datafield>
  <datafield tag="999" ind1=" " ind2=" ">
    <subfield code="c">787</subfield>
    <subfield code="d">787</subfield>
  </datafield>
  <datafield tag="952" ind1=" " ind2=" ">
    <subfield code="0">0</subfield>
    <subfield code="1">0</subfield>
    <subfield code="2">ddc</subfield>
    <subfield code="4">0</subfield>
    <subfield code="7">0</subfield>
    <subfield code="a">LV</subfield>
    <subfield code="b">LV</subfield>
    <subfield code="c">Pensamiento</subfield>
    <subfield code="d">2015-11-25</subfield>
    <subfield code="l">0</subfield>
    <subfield code="o">709.728.6 S127p2</subfield>
    <subfield code="p">001619</subfield>
    <subfield code="r">2015-11-25 00:00:00</subfield>
    <subfield code="w">2015-11-25</subfield>
    <subfield code="y">01</subfield>
  </datafield>
  <datafield tag="952" ind1=" " ind2=" ">
    <subfield code="0">0</subfield>
    <subfield code="1">0</subfield>
    <subfield code="2">ddc</subfield>
    <subfield code="4">0</subfield>
    <subfield code="7">0</subfield>
    <subfield code="a">LV</subfield>
    <subfield code="b">LV</subfield>
    <subfield code="c">Pensamiento</subfield>
    <subfield code="d">2018-07-19</subfield>
    <subfield code="l">0</subfield>
    <subfield code="o">709.728.6 S127p2</subfield>
    <subfield code="p">001687</subfield>
    <subfield code="r">2018-07-19 00:00:00</subfield>
    <subfield code="w">2018-07-19</subfield>
    <subfield code="y">01</subfield>
  </datafield>
</record>
